000 00560cam a22002053a 4500
001 42056
003 PGUSA
005 20140828083941.0
008 130209s2013||||xxu|||||s|||||000 | eng d
040 _aPGUSA
_beng
042 _adc
100 1 _aHume, Fergus,
_d1859-1932
245 1 4 _aThe Red Window
_h[electronic resource] /
_cFergus Hume
260 _bProject Gutenberg,
_c2013
506 _aPublic domain in the USA.
516 _aElectronic text
830 0 _aProject Gutenberg
_v42056
856 4 0 _uhttp://www.gutenberg.org/ebooks/42056
942 _cEB
999 _c271308
_d271308